Plantas insectívoras, II Droseraceas de Colombia (Registro nro. 14550)

Detalles MARC
000 -CABECERA
Campo de control 003000000a22001090004500
090 ## - CLASIFICACIÓN LOCAL
Colección AS
Consecutivo Seriadas
041 0# - IDIOMA
Código de idioma para texto/pista de sonido o título separado
100 1# - ASIENTO PRINCIPAL--NOMBRE PERSONAL
Nombre personal Fernández Pérez, Alvaro
245 10 - MENCION DE TITULO
Título Plantas insectívoras, II Droseraceas de Colombia
773 1# - Item fuente:
Título Caldasia
Especificación de materiales 45
Descripción física 43
Paginas del Articulo 219-232
Lugar, editorial y fecha de publicación 1965
Información sobre la relación 9
942 ## - ELEMENTOS ADICIONALES (KOHA)
Tipo de ítem Artículo

No hay ítems disponibles.